The definitive guide to retail & leisure parks: shopping meets leisure 2002. Executive summary (Record no. 102263)

MARC details
000 -LEADER
fixed length control field 00844cam a2200289 4500
001 - CONTROL NUMBER
control field J11693
008 - FIXED-LENGTH DATA ELEMENTS--GENERAL INFORMATION
fixed length control field 000000n2002 000 0 eng u
035 ## - SYSTEM CONTROL NUMBER
System control number (Sirsi) u119160
041 ## - LANGUAGE CODE
Language code of text/sound track or separate title eng
050 ## - LIBRARY OF CONGRESS CALL NUMBER
Classification number 711.552
100 ## - MAIN ENTRY--PERSONAL NAME
Personal name Wood, T.
110 ## - MAIN ENTRY--CORPORATE NAME
Corporate name or jurisdiction name as entry element FPDSavills
9 (RLIN) 3625
245 #4 - TITLE STATEMENT
Title The definitive guide to retail & leisure parks: shopping meets leisure 2002. Executive summary
260 ## - PUBLICATION, DISTRIBUTION, ETC.
Place of publication, distribution, etc. High Wycombe
Name of publisher, distributor, etc. TW Research Associates
Date of publication, distribution, etc. 2002
300 ## - PHYSICAL DESCRIPTION
Extent vii,206p.
Dimensions 31cm
520 ## - SUMMARY, ETC.
Summary, etc. For full report see: J116377
650 ## - SUBJECT ADDED ENTRY--TOPICAL TERM
Topical term or geographic name entry element RETAILING
650 ## - SUBJECT ADDED ENTRY--TOPICAL TERM
Topical term or geographic name entry element SHOPPING
650 ## - SUBJECT ADDED ENTRY--TOPICAL TERM
Topical term or geographic name entry element LEISURE PARKS
650 ## - SUBJECT ADDED ENTRY--TOPICAL TERM
Topical term or geographic name entry element RETAIL PARKS
650 ## - SUBJECT ADDED ENTRY--TOPICAL TERM
Topical term or geographic name entry element OUT OF TOWN DEVELOPMENT
650 ## - SUBJECT ADDED ENTRY--TOPICAL TERM
Topical term or geographic name entry element RETAIL WAREHOUSES
650 ## - SUBJECT ADDED ENTRY--TOPICAL TERM
Topical term or geographic name entry element RANKINGS
690 ## - LOCAL SUBJECT ADDED ENTRY--TOPICAL TERM (OCLC, RLIN)
Topical term or geographic name as entry element PROPERTY-COMMERCIAL PROPERTY-RETAIL PROPERTY
710 ## - ADDED ENTRY--CORPORATE NAME
Corporate name or jurisdiction name as entry element T W Research Associates
9 (RLIN) 3658
942 ## - ADDED ENTRY ELEMENTS (KOHA)
Suppress in OPAC 0
Holdings
Withdrawn status Lost status Source of classification or shelving scheme Damaged status Not for loan Home library Current library Shelving location Date acquired Total Checkouts Full call number Barcode Date last seen Copy number Price effective from Koha item type
    Dewey Decimal Classification     London London Basement 02/08/2002   BASEMENT 30066360 06/08/2019 1 06/08/2019 Book